Представление документа в формате RUSMARC

ПолеНазваниеЗначение
  Тип записи a
  Библиографический уровень a
001 Контрольный номер RU/CBS_UL/BASE/437eb09d3e824598951cd6825d7847d9
005 Дата корректировки 20260225095319.7
100 Данные общей обработки __
a Данные общей обработки 20260225 ||| 0rusy0189 ca
101 Язык документа 0_
a Язык текста rus
102 Страна публикации __
a Страна публикации RU
200 Заглавие и сведения об ответственности 1_
a Заглавие 65 лет на службе у русской песни
e Сведения, относящиеся к заглавию [Ульяновский народный хор отметил юбилей]
f Первые сведения об ответственности В. Никонова
300 Общие примечания __
a Общие примечания 16+
461 Уровень набора _0
1 2000
a Народная газета
463 Уровень физической единицы _0
1 2000
a № 8 (25 февр.)
v С. 7
1 2101
d 2026
1 001RU/CBS_UL/BASE/df92b16a02b6477c8835991187d0182f
606 Тематические рубрики 0_
a Основная рубрика Ульяновский русский народный хор (Ульяновск, город) - История
610 Ключевые слова 0_
a Ключевые слова народное творчество; хоры; народные хоры; народные коллективы; Ульяновский народный хор; самодеятельные коллективы; Русская песня (ансамбли)
686 Индексы других классификаций __
a Классификационный индекс 85.314
700 Автор _1
a Фамилия Никонова
b Имя (инициалы) В.
801 Источник записи _0
a Страна RU
b Организация МБУК ЦБС г. Ульяновска
c Дата составления 20260225
g Правила каталогизации RCR
801 Источник записи _1
a Страна RU
b Организация МБУК ЦБС г. Ульяновска
c Дата составления 20260225
g Правила каталогизации RCR
901 Тип документа __
t Тип документа f
w Контрольный № источника RU/CBS_UL/BASE/df92b16a02b6477c8835991187d0182f
909 Создатель записи __
a Создатель записи mbo